| 000 | 01296nam a22003017a 4500 | ||
|---|---|---|---|
| 999 |
_c719 _d719 |
||
| 005 | 20250224105847.0 | ||
| 008 | 211025b ||||| |||| 00| 0 eng d | ||
| 020 | _a9781108678728 | ||
| 040 |
_aKCST _cKCST |
||
| 082 |
_a428.24071 _bSo Un |
||
| 100 |
_aSowton, Chris _95143 |
||
| 245 |
_aUnlock 1-5 : _breading, writing & critical thinking: listening, speaking & critical thinking: teacher's manual and development pack/ _cChris Sowton, Peter Lucantoni, Jessica Williams, Kate Adams,, Michele Lewis,Sabina Ostrowska |
||
| 250 | _a2nd | ||
| 260 |
_aCambridge, UK: _bCambridge University Press; _c2019 [2021] |
||
| 300 | _a512 p. | ||
| 650 |
_aEnglish language _vStudy and teaching _xForeign speakers _xTeacher's manual. _95416 |
||
| 650 |
_aReading comprehension _vStudy and teaching. _95417 |
||
| 650 |
_aEnglish language _vWritten English _xStudy and teaching. _95418 |
||
| 650 |
_aEnglish language _vCritical thinking _xStudy and teaching. _95419 |
||
| 650 |
_aEnglish language _vListening _xStudy and teaching. _95420 |
||
| 650 |
_aEnglish language _vSpeaking _xStudy and teaching. _95421 |
||
| 700 |
_aLucantoni, Peter _95422 |
||
| 700 |
_aWilliams, Jessica _95423 |
||
| 700 |
_aAdams, Kate _95424 |
||
| 700 |
_aLewis, Michele _95425 |
||
| 700 |
_aOstrowska, Sabina _95426 |
||
| 942 |
_2ddc _cREF |
||